000
00310nam a2200121Ia 4500
008
231129s9999||||xx |||||||||||||| ||spa||
040
_b
spa
082
_a
(i) 808.068543 M385n
100
_a
Martinez Sanchez Jose
245
0
_a
El niƱo que se atrevio a volar
264
_a
Edilux Ediciones
942
_2
ddc
_c
BKS
999
_c
11869
_d
11869